00606nam a22001697a 4500003000900000008004100009040007100050082002400121100001800145245007100163260003600234300002800270505008800298650002600386650001100412650001300423AR-CdUCM190321b ||||| |||| 00| 0 spa d aMUNICIPALIDAD PROVINCIAL DEL CUSCOcBIBLIOTECA MUNICIPAL DEL CUSCO 22ed.a 868.6 /bG78 aGrau, Jacinto aEl Burlador que no se burla-Don Juan Carillana-El tercer demonio / aBuenos Aires :bLosada, c1947. a246 páginas ;c18 cm. aContenido : El Burlador que no se burla -- Don Juan Carillana -- El tercer demonio. aLiteratura española aTeatro aComedias